Los ciegos /

Carlos Loveira y Chirino (1882-1928), novelista y periodista cubano. Activo luchador social y político, desempeñó altos cargos en los movimientos socialistas cubanos, así como por la independencia de su nación. Su obra, perteneciente al Naturalismo, explora la psicología de sus personajes; abundan e...

Deskribapen osoa

Gorde:
Xehetasun bibliografikoak
Egile nagusia: Loveira, Carlos (autor)
Formatua: Liburua
Hizkuntza:gaztelania
Gaiak:
Etiketak: Etiketa erantsi
Etiketarik gabe, Izan zaitez lehena erregistro honi etiketa jartzen!

MARC

LEADER 00000nam^a2200000^a^4500
001 000153910
005 20250521000000.0
009 20260310100336.695
037 |a Acervo ITESO - Biblioteca 
041 |a ESP 
082 |a 863.  |b LOV 
100 |a Loveira, Carlos  |e (autor) 
245 1 4 |a Los ciegos /  |c C. Loveira. 
264 |a Miami, EUA :  |b Mnemosyne,  |c 1969 
300 |a 454 p. 
336 |a texto  |b txt  |2 rdacontenido 
337 |a sin mediación  |b n  |2 rdamedio 
338 |a volumen  |b nc  |2 rdasoporte 
520 |a Carlos Loveira y Chirino (1882-1928), novelista y periodista cubano. Activo luchador social y político, desempeñó altos cargos en los movimientos socialistas cubanos, así como por la independencia de su nación. Su obra, perteneciente al Naturalismo, explora la psicología de sus personajes; abundan en ella los temas eróticos y los temas sociales; el estilo es claro y directo, siempre en defensa de sus principios ideológicos. Entre sus novelas destacan Generales y doctores, fresco de la sociedad cubana de principios del siglo XX en que destaca la corrupción política, el desánimo y la dinámica social de la isla, y Juan Criollo (1927), sobre el ambiente en la capital y en las zonas rurales de Cuba, considerada su mejor obra y una de las mejores novelas en clave latinoamericanas; otras novelas suyas son Los inmorales (1910), Los ciegos (1922) y La última lección (1924). 
649 |a XX 
650 |a Novela Cubana 
650 |a Literatura Cubana -  |y Siglo XX 
650 |a Naturalismo en la Literatura -  |z Cuba 
910 |a Fondo General 
920 |a Impresos - Libros 
930 |a Colección General 
940 |a Literatura 
905 |a 101 
901 |a 0500085618  |b IT1  |c LIT  |u 20250521 
902 |a https://opac.biblio.iteso.mx/vufind/Record/000153910